000 00769cac a2200229 a 4500
003 Co-PeBPM
005 20240426151229.0
007 ta
008 231129s1992||||xx a||||||||||||| ||spa||
020 _a968422480X
040 _aCo-PeBPM
_bspa
_cCo-PeBPM
_erda
082 0 4 _a001.64 R628c
_222
100 _aRoa Mackenzie, Mauricio
_eautor
245 0 _aCurso básico de computación
_c/ Roa Mackenzie; revisión técnica Roció Cárdenas Romero
260 _aBogotá, Colombia
_b: McGraw-Hill,
_c1992
264 _aColombia : McGraw-Hill
490 _aBásica McGraw-Hill / División Gregg
500 _aIncluye índice, apéndices y glosario
504 _aIncluye bibliografía
650 1 0 _aComputación
_2Lemb
942 _2ddc
_cBK
999 _c8631
_d8631